Statystyki dla Nazwij odpowiednie państwo

Kliknij tutaj aby rozwiązać quiz!

Ogólne statystyki

  • Ten quiz został rozwiązany 34 razy
  • Średni wynik to 4 z 10

Statystyki odpowiedzi

WskazówkaOdpowiedź% Poprawnych
Jako pierwsze w historii wygrało mundial.Urugwaj
82%
Halászlé pochodzą z tego kraju.Węgry
75%
Domena internetowa tego państwa to .paPanama
54%
Budowano w nim największy samolot pasażerski.Francja
50%
Słynie z zaginionego samolotu w 2014 roku.Malezja
50%
USA, Wielka Brytania, Polska i Australia zaatakowały ten kraj.Irak
46%
Jest jedynym państwem Bliskiego Wschodu, który ma sawannę.Jemen
39%
W 2008 w tym kraju mieszkało 5 455 407 ludzi.Słowacja
21%
Krajowym kodem telefonicznym to +686.Kiribati
11%
Symbolem waluty tego państwa to TSh.Tanzania
11%

Rozkład punktacji

Percentyl według liczby udzielonych odpowiedzi

Procent ludzi z każdym wynikiem

Twoja historia wyników

Nie rozwiązałeś tego quizu